Music Quiz

Random Music or Singers Quiz

Song by Music Video: Whitney Houston Quiz Stats

Quiz not verified by Sporcle

Challenge
Share
Tweet
Score 0/9 Timer 02:00
0 Plays Today
% Correct
I Will Always Love You (1992)
77.4%
I Wanna Dance with Somebody (1987)
77.1%
Saving All My Love for You (1985)
67.9%
Run to You (1992)
66.7%
You Give Good Love (1985)
65.9%
Exhale (Shoop Shoop) (1996)
65.9%
I Have Nothing (1992)
63.3%
I’m Your Baby Tonight (1990)
62.8%
Greatest Love of All (1985)
53.3%

You're not logged in!

Compare scores with friends on all Sporcle quizzes.
Join for Free
OR
Log In

You Might Also Like...

Show Comments

Extras

Top Quizzes Today


Score Distribution

Your Account Isn't Verified!

In order to create a playlist on Sporcle, you need to verify the email address you used during registration. Go to your Sporcle Settings to finish the process.

Report this User

Report this user for behavior that violates our Community Guidelines.

Details: